| 000 | 00810nam a2200265 u 4500 | ||
|---|---|---|---|
| 001 | 000057757 | ||
| 005 | 20200120223741.0 | ||
| 008 | 130704s2009 ck cr 000 0 spa d | ||
| 020 | _a9789583029738 | ||
| 041 | 0 | _a.spa | |
| 043 | _as-ck--- | ||
| 090 |
_aJN _bMARh |
||
| 100 | 1 | _aMarx, André | |
| 245 | 1 | 0 |
_aLa herencia del gran ladrón / _cAndré Marx ; traducción Martha Lucía Rodríguez ; ilustraciones Andrés Rodríguez Moreno. |
| 250 | _a1a ed. | ||
| 260 |
_aBogotá : _bPanamericana, _c2009. |
||
| 300 | _a150 p. | ||
| 490 | 0 | _aLos tres detectives | |
| 650 | 1 | 4 | _aNovela juvenil alemana. |
| 650 | 2 | 4 | _aNovela policíaca. |
| 650 | 2 | 4 | _aFraude en la literatura. |
| 650 | 2 | 4 | _aIntriga en la literatura. |
| 700 | 1 |
_aRodriguez, Marta Lucia, _etr. |
|
| 700 | 1 |
_aRodríguez Moreno, Andrés, _eil. |
|
| 999 |
_c7019 _d7019 |
||